Adaptation Problems of Teachers and Students With Disabilities in the University Pedagogical Process in Russia; Palaestra; Vol. 35, No. 2
| Parent link: | Palaestra Vol. 35, No. 2.— 2021.— [P. 15-23] |
|---|---|
| Korporativna značnica: | |
| Drugi avtorji: | , , , , , |
| Izvleček: | Title screen Results obtained from investigations of pedagogical relationships between academic teaching staff and students with sensory-related and physical disabilities (the blind and the deaf, persons with mobility disability: persons who use wheelchairs, persons with absence of upper limbs) are presented in the study. It has been proved that current problems directly affect adaptive processes and successfulness of receiving a higher education by the students of these disability categories. The authors of the paper focus on the social stigmatization of disabled young people. Analysis of sociological studies has revealed a number of problems that affect the lack of training of teachers in higher inclusive education Режим доступа: по договору с организацией-держателем ресурса |
| Jezik: | angleščina |
| Izdano: |
2021
|
| Teme: | |
| Online dostop: | https://js.sagamorepub.com/palaestra/article/view/11173 |
| Format: | Elektronski Book Chapter |
| KOHA link: | https://koha.lib.tpu.ru/cgi-bin/koha/opac-detail.pl?biblionumber=665888 |
MARC
| LEADER | 00000naa0a2200000 4500 | ||
|---|---|---|---|
| 001 | 665888 | ||
| 005 | 20250211155917.0 | ||
| 035 | |a (RuTPU)RU\TPU\network\37092 | ||
| 035 | |a RU\TPU\network\36727 | ||
| 090 | |a 665888 | ||
| 100 | |a 20211122d2021 k||y0rusy50 ba | ||
| 101 | 0 | |a eng | |
| 102 | |a US | ||
| 135 | |a vrcn ---uucaa | ||
| 181 | 0 | |a i | |
| 182 | 0 | |a b | |
| 200 | 1 | |a Adaptation Problems of Teachers and Students With Disabilities in the University Pedagogical Process in Russia |f S. T. Kokhan, E. V. Romanova, A. V. Skaliy [et al.] | |
| 203 | |a Text |c electronic | ||
| 300 | |a Title screen | ||
| 330 | |a Results obtained from investigations of pedagogical relationships between academic teaching staff and students with sensory-related and physical disabilities (the blind and the deaf, persons with mobility disability: persons who use wheelchairs, persons with absence of upper limbs) are presented in the study. It has been proved that current problems directly affect adaptive processes and successfulness of receiving a higher education by the students of these disability categories. The authors of the paper focus on the social stigmatization of disabled young people. Analysis of sociological studies has revealed a number of problems that affect the lack of training of teachers in higher inclusive education | ||
| 333 | |a Режим доступа: по договору с организацией-держателем ресурса | ||
| 461 | |t Palaestra | ||
| 463 | |t Vol. 35, No. 2 |v [P. 15-23] |d 2021 | ||
| 610 | 1 | |a электронный ресурс | |
| 610 | 1 | |a труды учёных ТПУ | |
| 610 | 1 | |a inclusive education | |
| 610 | 1 | |a university teacher | |
| 610 | 1 | |a adaptation | |
| 610 | 1 | |a health condition | |
| 610 | 1 | |a disability | |
| 610 | 1 | |a student | |
| 610 | 1 | |a инклюзивное образование | |
| 610 | 1 | |a преподаватели | |
| 610 | 1 | |a здоровье | |
| 610 | 1 | |a инвалидность | |
| 610 | 1 | |a студенты-инвалиды | |
| 701 | 1 | |a Kokhan |b S. T. |g Sergey Tikhonovich | |
| 701 | 1 | |a Romanova |b E. V. |g Elena Veniaminovna | |
| 701 | 1 | |a Skaliy |b A. V. |g Alexander | |
| 701 | 1 | |a Kowalski |b V. |g Vitold | |
| 701 | 1 | |a Taneva |b S. Yu. |g Svetlana | |
| 701 | 1 | |a Nadeina |b L. V. |c linguist |c Associate Professor of Tomsk Polytechnic University, Candidate of philological sciences |f 1965- |g Louise Vasilievna |3 (RuTPU)RU\TPU\pers\30807 |9 15063 | |
| 712 | 0 | 2 | |a Национальный исследовательский Томский политехнический университет |b Школа базовой инженерной подготовки |b Отделение иностранных языков |3 (RuTPU)RU\TPU\col\23510 |
| 801 | 1 | |a RU |b 63413507 |c 20150101 |g RCR | |
| 801 | 2 | |a RU |b 63413507 |c 20211122 |g RCR | |
| 856 | 4 | |u https://js.sagamorepub.com/palaestra/article/view/11173 | |
| 942 | |c CF | ||